| 000 | 00000nam 2200000zi 4500 |
| 001 | 9.907107 |
| 003 | CaOODSP |
| 005 | 20240507093817 |
| 006 | m o d f |
| 007 | cr cn||||||||| |
| 008 | 220119s2022 onc o f00| 0 tur d |
| 020 | |a9780660417127 |
| 040 | |aCaOODSP|beng|erda|cCaOODSP |
| 043 | |an-cn--- |
| 086 | 1 |aCi4-228/2022Tur-PDF |
| 245 | 00|aBir göçmenlik temsilcisi kullanmak - doğru yapın. |
| 250 | |a[Turkish edition]. |
| 264 | 1|a[Ottawa] : |b[Immigration, Refugees and Citizenship Canada = Immigration, Réfugiés et Citoyenneté Canada], |c[2022] |
| 300 | |a1 online resource (2 pages) |
| 336 | |atext|btxt|2rdacontent |
| 337 | |acomputer|bc|2rdamedia |
| 338 | |aonline resource|bcr|2rdacarrier |
| 500 | |aIssued also in English under title: Using an immigration representative - do it right. |
| 546 | |aText in Turkish. |
| 650 | 0|aImmigration consultants|zCanada. |
| 651 | 0|aCanada|xEmigration and immigration. |
| 710 | 1 |aCanada. |bImmigration, Refugees and Citizenship Canada, |eissuing body. |
| 775 | 08|tUsing an immigration representative - do it right.|w(CaOODSP)9.907095 |
| 792 | |tBir göçmenlik temsilcisi kullanmak - doğru yapın.|efre|w(CaOODSP)9.907182 |
| 856 | 40|qPDF|s140 KB|uhttps://publications.gc.ca/collections/collection_2023/ircc/Ci4-228-2022-tur.pdf |